000 00516cam a2200181ua 4500
001 11982
008 191228n ii |||gr||||Z||||||asm
020 _a9788176655101
040 _cMAIN
082 _a891.4513
100 _aHomen Borgohain .,
_eCompiler.,
245 _aLaxminath Bezbaroa :
_bsadhukatha aru hozkotha /
_cCompiled by Homen Borgohain .
250 _a2nd ed.
260 _aGuwahati:
_bstudent stores,
_c2016.
300 _a368p.
653 _aEast Indo-European & Celtic literatures
942 _cBK
999 _c10768
_d10768